Orient : Österreichische Malerei zwischen 1848 und 1914 : Residenzgalerie Salzburg, 20.7.-24.9.1997 /
Saved in:
| Corporate Author: | |
|---|---|
| Other Authors: | , |
| Format: | Book |
| Language: | German |
| Published: |
Salzburg :
Die Galerie,
c1997.
|
| Subjects: | |
| Tags: |
Add Tag
No Tags, Be the first to tag this record!
|
| LEADER | 01460nam a2200361 a 4500 | ||
|---|---|---|---|
| 001 | 007738325-7 | ||
| 005 | 20020606104010.5 | ||
| 008 | 980721s1997 au abc bc 000 0 ger d | ||
| 035 | 0 | |a ocm38310640 | |
| 035 | 1 | |a MAHA98B1721 | |
| 040 | |a OClMA |c OClMA |d MH-FA | ||
| 041 | 0 | |a gereng | |
| 043 | |a e-au--- | ||
| 050 | 0 | 0 | |a ND507 |b .O75 1997 |
| 245 | 0 | 0 | |a Orient : |b Österreichische Malerei zwischen 1848 und 1914 : Residenzgalerie Salzburg, 20.7.-24.9.1997 / |c Erika Mayr-Oehring (Hg.) ; mit Beiträgen von Martina Haja ... [et al.]. |
| 246 | 3 | 0 | |a Österreichische Malerei zwischen 1848 und 1914 |
| 246 | 1 | 5 | |a Orient : Austrian painting between 1848 and 1914 |
| 260 | |a Salzburg : |b Die Galerie, |c c1997. | ||
| 300 | |a 400 p. : |b ill. (some col.), map, ports. ; |c 21 cm. | ||
| 504 | |a Includes bibliographical references. | ||
| 546 | |a German and English. | ||
| 650 | 0 | |a Painting, Modern |y 19th century |z Austria |x Themes, motives |v Exhibitions. | |
| 650 | 0 | |a Painting, Austrian |x Themes, motives |v Exhibitions. | |
| 651 | 0 | |a Orient |x In art |v Exhibitions. | |
| 650 | 0 | |a Exoticism in art |z Austria |v Exhibitions. | |
| 650 | 0 | |a Painting, Austrian |y 19th century |v Exhibitions. | |
| 650 | 0 | |a Painting, Austrian |y 20th century |v Exhibitions. | |
| 700 | 2 | |a Mayr-Oehring, Erika. | |
| 700 | 1 | |a Haja, Martina. | |
| 710 | 2 | |a Salzburger Residenzgalerie. | |
| 776 | 0 | 8 | |i Online version: |t Orient. |d Salzburg : Die Galerie, ©1997 |w (OCoLC)605233007 |
| 988 | |a 20020608 | ||
| 906 | |0 RLIN | ||


